000
00212 a2200097 4500
001
3693
100
_a
Nomani, H H
245
_a
Census of Pakistan east Bengal
260
_a
_b
Govt of Pak
_c
090
_c
2950
_d
2950
942
_a
NUST-CAE
_c
M
_c
21669
999
_c
238766
_d
238766